'H' Entertainment Images Quiz Stats

 Plays Quiz Updated Jun 17, 2015

Support Sporcle.
Go Orange.
Score 0/36 Timer 04:00
4 Plays Today
% Correct
__________________
100%
__________________
99.9%
__________________
99.9%
__________________
99.9%
__________________
99.9%
__________________
99.9%
Hangman
93.3%
Hopscotch
88%
Hogwarts
80.2%
Hagrid
74.9%
Hungry Hungry Hippos
74.2%
Horton Hears a Who!
72.1%
Hedwig
66.3%
Halo
62.7%
Hobbes
60.2%
Hollywood Squares
56.5%
How the Grinch...
55.7%
Hundred Acre Wood
50.3%
% Correct
Hey Ya (Outkast)
49.4%
Hagar the Horrible
49%
Horcrux
44.4%
Huckleberry Hound
43.7%
Hop on Pop
42.6%
Hoth
41.5%
Hogsmeade
41.5%
Harley Quinn
39.8%
Hellboy
35.1%
Hello (Lionel Richie)
27.8%
Hall of Justice
22.6%
Helm's Deep
17%
Hill Valley
13.7%
Hot for Teacher (Van Halen)
11.7%
Happy Birthday to You
10.5%
Heart-Shaped Box (Nirvana)
8.7%
Human Nature (Madonna)
2.7%
Hunches in Bunches
1.2%

You're not logged in!

Compare scores with friends on all Sporcle quizzes.
OR
Log In

From the Vault

'Low Rider' Lyrics

by Giantsgiants

You know the iconic driving base line, but how well do you know the lyrics?
Remove Ads.
Support Sporcle.
Get the best of Sporcle when you Go Orange. This ad-free experience offers more features, more stats, and more fun while also helping to support Sporcle. Thank you for becoming a member.

Show Comments

Extras

Top Quizzes Today


Score Distribution

Your Account Isn't Verified!

In order to create a playlist on Sporcle, you need to verify the email address you used during registration. Go to your Sporcle Settings to finish the process.

Report this User

Report this user for behavior that violates our Community Guidelines.

Details: